Vector analysis with applications (Record no. 5838)

000 -LEADER
fixed length control field 00528nam a22002051 4500
001 - CONTROL NUMBER
control field 5838
003 - CONTROL NUMBER IDENTIFIER
control field BD-DhUET
008 - FIXED-LENGTH DATA ELEMENTS--GENERAL INFORMATION
fixed length control field 861017s1932 enka 000 0 eng c
020 ## - INTERNATIONAL STANDARD BOOK NUMBER
International Standard Book Number 8122405487
040 ## - CATALOGING SOURCE
Original cataloging agency DLC/ICU
Transcribing agency CGU
Modifying agency BD-DhUET
082 0# - DEWEY DECIMAL CLASSIFICATION NUMBER
Classification number 516.83
Item number ALI/1993
100 ## - MAIN ENTRY--PERSONAL NAME
Personal name Ali Ashraf, Md.
245 10 - TITLE STATEMENT
Title Vector analysis with applications
250 ## - EDITION STATEMENT
Edition statement 3rd ed.
260 ## - PUBLICATION, DISTRIBUTION, ETC. (IMPRINT)
Place of publication, distribution, etc. New Delhi
Name of publisher, distributor, etc. Wiley Eastern
Date of publication, distribution, etc. 1993
300 ## - PHYSICAL DESCRIPTION
Extent xv,308p.
Other physical details ill.
Dimensions 23 cm.
504 ## - BIBLIOGRAPHY, ETC. NOTE
Bibliography, etc Includes bibliographies
650 #0 - SUBJECT ADDED ENTRY--TOPICAL TERM
Topical term or geographic name as entry element Vector analysis
942 ## - ADDED ENTRY ELEMENTS (KOHA)
Koha item type General Book
Holdings
Koha full call number Koha out on loan Sublocation or collection (holding branch) Damaged status Source of classification or shelving scheme Price effective from Location (home branch) Lost status Copy number Koha item type Koha normalized classification for sorting Withdrawn status Koha renewals Piece designation (barcode) Koha date last seen Shelving location Date acquired Koha date last borrowed Not for loan Koha issues (times borrowed)
516.83/ALI/19932022-12-27Central Library, BUET  2014-11-29Central Library, BUET 8General Book516_830000000000000_ALI_1993  875312022-12-13Circulation section2014-11-292022-12-13 3
516.83/ALI/1998 Central Library, BUET  2014-12-21Central Library, BUET 2General Book516_830000000000000_ALI_1998 1875282025-05-13Circulation section2014-12-212025-04-29 13
516.83/ALI/1998 Central Library, BUET  2015-01-27Central Library, BUET 3General Book516_830000000000000_ALI_1998  875302016-04-02Circulation section2015-01-27   
516.83/ALI/1998 Central Library, BUET  2015-01-31Central Library, BUET 4General Book516_830000000000000_ALI_1998  487832025-11-30Circulation section2015-01-312022-12-13 6
516.83/ALI/1998 Central Library, BUET  2015-02-11Central Library, BUET 1General Book516_830000000000000_ALI_1998  941022020-11-03Circulation section2015-02-112020-01-05 5
516.83/ALI/1993 Central Library, BUET  2015-04-11Central Library, BUET 7General Book516_830000000000000_ALI_1993  875252025-11-18Circulation section2015-04-112024-04-02 8
516.83/ALI/1993 Central Library, BUET  2015-04-23Central Library, BUET 6General Book516_830000000000000_ALI_1993  875262025-11-29Circulation section2015-04-232023-09-27 6
516.83/ALI/1993 Central Library, BUET  2015-05-03Central Library, BUET 7General Book516_830000000000000_ALI_1993  875292022-05-25Circulation section2015-05-032022-03-30 2
516.83/ALI/1993 Central Library, BUET  2015-06-07Central Library, BUET 9Reading Item516_830000000000000_ALI_1993  875502015-06-07Reading section2015-06-07   
516.83/ALI/1993 Central Library, BUET  2015-06-07Central Library, BUET 10Reading Item516_830000000000000_ALI_1993  923742015-06-07Reading section2015-06-07   
516.83/ALI/1993 Central Library, BUET  2015-06-08Central Library, BUET 12Reading Item516_830000000000000_ALI_1993  941002015-06-08Reading section2015-06-08   
516.83/ALI/1993 Central Library, BUET  2015-06-14Central Library, BUET 13Reading Item516_830000000000000_ALI_1993  875512015-06-14Reading section2015-06-14   
516.83/ALI/1993 Central Library, BUET  2015-09-02Central Library, BUET 14General Book516_830000000000000_ALI_1993  875272017-03-04Circulation section2015-09-02